header

Scientific collaboration on the Internet (Record no. 14815)

MARC details
000 -LEADER
fixed length control field 01374nam a2200349Ia 4500
245 00 - TITLE STATEMENT
Title Scientific collaboration on the Internet
260 ## - PUBLICATION, DISTRIBUTION, ETC. (IMPRINT)
Place of publication Cambridge, MA :
Name of publisher MIT Press,
Year of publication c2008.
300 ## - PHYSICAL DESCRIPTION
Number of Pages xii, 406 p. :
Other physical details ill., maps.
490 1# - SERIES STATEMENT
Series statement Acting with technology
650 #0 - SUBJECT ADDED ENTRY--TOPICAL TERM
Topical Term Science
Topical Term Internet.
700 1# - ADDED ENTRY--PERSONAL NAME
Personal name Olson, Gary M.
Personal name Zimmerman, Ann,
Personal name Bos, Nathan.
856 40 - ELECTRONIC LOCATION AND ACCESS
Uniform Resource Identifier http://site.ebrary.com/lib/rucke/Doc?id=10255173

No items available.

© 2026 Rongo University
Contact us: librarian | system librarian | Rongo university